| 000 | 00439nam a2200133 a 4500 | ||
|---|---|---|---|
| 008 | 120416s1964 ||||||||||||||||| || u | ||
| 050 | _aQA 155 Bar | ||
| 100 | _aBarnard, S | ||
| 245 | 1 | 0 | _aHigher Algebra |
| 260 |
_aLondon _bMacmillan _c1964 |
||
| 300 | _axiv, 585p. : ill | ||
| 350 | _a0.00 | ||
| 995 |
_D0.00 _FCBU-MAIN LIBRARY (Kitwe) _H1 _I1.75 _M1 _UDAMAGED _ZMain Library Open Access Collection |
||
| 999 |
_c45523 _d45523 |
||